LEADER 01334nam a2200277 i 4500 001 000000159860 003 CaOOAMICUS 005 20070314000000.0 008 070314s2006 it u000 u ita u 013 $a137223 020 $a88-7624-939-7 040 $aSeMil$bita 245 10$aArturo Martini /$cA cura di Claudia Gian Ferrari, Elena Pontiggia, Livia Velani. 260 $aGinevra ; Milano :$bSkira,$c2006. 300 $a303 p. :$briccamente ill. ;$c28x25 cm. 500 $aCatalogo della Mostra tenuta a Milano, 8 novembre 2006 - 4 febbraio 2007 Fondazione Stelline, Museo della Permanente ; Roma, 25 febbraio - 13 maggio 2007 Galleria nazionale d'Arte Moderna. - Contiene : Bibliografia. - Dono del Card. Dionigi Tettamanzi. 700 1 $aGian Ferrari, Claudia <1945-2010>.$0(OLS)http://semarc/name/42028 700 1 $aVelani, Livia.$0(OLS)http://semarc/name/42029 700 1 $aPontiggia, Elena,$d<1955- >.$0(OLS)http://semarc/name/19239 850 $aSeMil 852 $aSeMil$W1$xVenegono$y1$m5Q XVI 3$j111378$B111378$CSeMilBibl$Z2$F122020 $8I 941 1 $a5 961 $aOmaggio: Tettamanzi Card. Dionigi 996 $6020$a88-7624-939-7$9(OLS)http://semarc/number/75524 996 $6245$aArturo Martini$9(OLS)http://semarc/title/142147 996 $6260$aGinevra ; Milano :$bSkira$9(OLS)http://semarc/publisher/44264 LEADER 00523nab a2200145 i 4500 001 000000309553 003 CaOOAMICUS 005 20180831172956.0 008 180831n xx uu u0 0und r 013 $a18647 040 $aSeMil$bita 100 1 $aParocchi, Lucido Maria .$0(OLS)http://semarc/name/2302 245 13$aLa Scuola Cattolica nel Giubileo Episcopale di Pio IX. 773 0 $t[Gennaio-Giugno].$g385$w()273960 996 $6245$aLa Scuola Cattolica nel Giubileo Episcopale di Pio IX$9(OLS)http://semarc/title/384583